[Event "FIDE World Bl Team Final"]
[Site "London ENG"]
[Date "2025.06.15"]
[Round "1.1"]
[White "Tsolakidou, Stavroula"]
[Black "Salimova, Nurgyul"]
[Result "1/2-1/2"]
[WhiteTitle "IM"]
[BlackTitle "IM"]
[WhiteElo "2428"]
[BlackElo "2385"]
[WhiteTeam "D1 Team MGD1"]
[BlackTeam "C4 Generation XYZA"]
[WhiteFideId "4264312"]
[BlackFideId "2915138"]
[EventDate "2025.06.15"]
[EventType "team-k.o. (blitz)"]

1. e4 e5 2. Nf3 Nf6 3. d4 Nxe4 4. Bd3 d5 5. Nxe5 Nd7 6. Nc3 Nxc3 7. bxc3 Bd6 8.
O-O O-O 9. Re1 c5 10. Qf3 c4 11. Bf5 Nxe5 12. dxe5 Re8 13. Bxc8 Rxc8 14. Bf4 Bf8
15. Rad1 Rc5 16. Rd2 Qa5 17. Red1 Qxa2 18. Rxd5 Rxd5 19. Rxd5 Qxc2 20. h4 Qf5
21. Rd4 b5 22. g4 Qb1+ 23. Kg2 h6 24. Rd7 b4 25. Be3 Qg6 26. cxb4 Bxb4 27. h5
Qe6 28. Rxa7 c3 29. Rc7 Ba5 30. Ra7 Bb4 31. Rc7 Ba5 32. Ra7 Bb4 1/2-1/2

[Event "FIDE World Bl Team Final"]
[Site "London ENG"]
[Date "2025.06.15"]
[Round "1.1"]
[White "Yontar, Sabrican Onay"]
[Black "Atharvaa P Tayade"]
[Result "0-1"]
[WhiteElo "1941"]
[BlackElo "1956"]
[WhiteTeam "C4 Generation XYZA"]
[BlackTeam "D1 Team MGD1"]
[WhiteFideId "6373623"]
[BlackFideId "25042955"]
[EventDate "2025.06.15"]
[EventType "team-k.o. (blitz)"]

1. e4 c5 2. b3 Nc6 3. Bb2 e5 4. f4 exf4 5. Nf3 Nf6 6. e5 Nd5 7. Bc4 Nb6 8. O-O
Nxc4 9. bxc4 Be7 10. Nc3 O-O 11. Nd5 d6 12. Nxf4 dxe5 13. Nxe5 Bf6 14. Nxc6 bxc6
15. Bxf6 Qxf6 16. d3 Re8 17. Qf3 Rb8 18. Rae1 Bd7 19. Qg3 Qd4+ 20. Kh1 Rxe1 21.
Rxe1 Rd8 22. Re8+ Bxe8 23. h3 h6 24. Nh5 g6 25. Nf4 Qa1+ 26. Kh2 Qe5 27. Kg1 Bd7
28. Qf2 Qa1+ 29. Kh2 Qe5 30. Kg1 g5 31. Nh5 f5 32. Ng3 Kg7 33. Qe2 Qd4+ 34. Qf2
Qa1+ 35. Kh2 Qe5 36. Kg1 Kg6 37. Ne2 f4 38. Nc1 h5 39. Nb3 g4 40. hxg4 hxg4 41.
Qxc5 Qe1+ 42. Kh2 g3# 0-1

[Event "FIDE World Bl Team Final"]
[Site "London ENG"]
[Date "2025.06.15"]
[Round "1.1"]
[White "Martinez Alcantara, Jose Eduardo"]
[Black "Nihal, Sarin"]
[Result "0-1"]
[WhiteTitle "GM"]
[BlackTitle "GM"]
[WhiteElo "2611"]
[BlackElo "2696"]
[WhiteTeam "B3 Theme International Trading"]
[BlackTeam "A2 Ashdod Elit Chess Club"]
[WhiteFideId "3805662"]
[BlackFideId "25092340"]
[EventDate "2025.06.15"]
[EventType "team-k.o. (blitz)"]

1. e4 e5 2. Nf3 Nc6 3. Bb5 a6 4. Ba4 Nf6 5. O-O Be7 6. Re1 b5 7. Bb3 O-O 8. d3
d6 9. a3 h6 10. Nbd2 Re8 11. Nf1 Bf8 12. c3 Be6 13. Bxe6 Rxe6 14. c4 Ne7 15. Ng3
Ng6 16. Be3 c6 17. Rc1 d5 18. cxd5 cxd5 19. Qb3 d4 20. Bd2 Rc8 21. h4 Nd7 22.
Rxc8 Qxc8 23. Rc1 Rc6 24. Rxc6 Qxc6 25. Nf5 Ne7 26. Ng3 Nc8 27. Bb4 Bxb4 28.
axb4 g6 29. h5 Kg7 30. hxg6 fxg6 31. Kh2 Ncb6 32. Ne2 Na4 33. g3 Qd6 34. Kg2 Nb8
35. Qc2 Nc6 36. Neg1 Nxb4 37. Qc8 Nc5 38. Nh4 Nbxd3 39. Ngf3 Qd7 40. Qb8 Qe7 41.
Qb6 Qf7 42. Qc6 b4 43. Qd6 Nxe4 44. Qxa6 Nexf2 45. Qb5 g5 46. Nxe5 Nxe5 47.
Qxe5+ Kh7 48. Nf3 Nd1 49. Qe4+ Qg6 50. Qe7+ Kg8 51. Qd8+ Kh7 52. Qe7+ Qg7 53.
Qe4+ Kg8 54. Qe8+ Qf8 55. Qe6+ Qf7 56. Qc8+ Kg7 57. Ne5 Ne3+ 58. Kh2 Qf2+ 0-1

[Event "FIDE World Bl Team Final"]
[Site "London ENG"]
[Date "2025.06.15"]
[Round "1.1"]
[White "Moiseenko, Alexander"]
[Black "Jumabayev, Rinat"]
[Result "1-0"]
[WhiteTitle "GM"]
[BlackTitle "GM"]
[WhiteElo "2568"]
[BlackElo "2546"]
[WhiteTeam "A2 Ashdod Elit Chess Club"]
[BlackTeam "B3 Theme International Trading"]
[WhiteFideId "14102560"]
[BlackFideId "13702661"]
[EventDate "2025.06.15"]
[EventType "team-k.o. (blitz)"]

1. d4 d5 2. c4 c6 3. Nf3 Nf6 4. Nc3 e6 5. Bg5 h6 6. Bxf6 Qxf6 7. e3 Nd7 8. Be2
g6 9. O-O Bg7 10. e4 dxc4 11. e5 Qe7 12. Bxc4 O-O 13. Re1 b5 14. Bd3 Bb7 15. Be4
Rab8 16. Qe2 b4 17. Na4 c5 18. Bxb7 Rxb7 19. Qe4 Rc7 20. Rac1 c4 21. d5 exd5 22.
Qxd5 Rfc8 23. h4 Qe6 24. Qa5 c3 25. Qxb4 Rb8 26. Qe4 Rc4 27. Qc2 Rg4 28. Nxc3
Nxe5 29. Nxe5 Bxe5 30. Qe2 Bxc3 31. Qxe6 fxe6 32. Rxc3 Rxb2 33. Rxe6 Rb6 34. Re7
Rf4 35. Rc8+ Rf8 36. Rxf8+ Kxf8 37. Rxa7 Rb1+ 38. Kh2 Rb2 39. Kg3 Rb4 40. a4 h5
41. a5 Ra4 42. a6 Kg8 43. Kf3 Kf8 44. g3 Kg8 45. Ke3 Kf8 46. Kd3 Kg8 47. Kc3 Kf8
48. Kb3 Ra1 49. Kc4 Kg8 50. Kd5 Ra5+ 51. Ke6 Ra2 52. f4 Ra3 53. Kf6 Kh8 54. Kxg6
Rxg3+ 55. Kf6 Ra3 56. f5 Kg8 57. Kg6 Rg3+ 58. Kxh5 Ra3 59. f6 Kf8 60. Kg6 Rg3+
61. Kf5 Rf3+ 62. Ke5 Re3+ 63. Kf4 Ra3 64. h5 Ra4+ 65. Kf5 Ra1 66. h6 Rf1+ 67.
Ke5 Re1+ 68. Kd4 Rd1+ 1-0

[Event "FIDE World Bl Team Final"]
[Site "London ENG"]
[Date "2025.06.15"]
[Round "1.1"]
[White "Le, Tuan Minh"]
[Black "Gledura, Benjamin"]
[Result "1-0"]
[WhiteTitle "GM"]
[BlackTitle "GM"]
[WhiteElo "2598"]
[BlackElo "2668"]
[WhiteTeam "B3 Theme International Trading"]
[BlackTeam "A2 Ashdod Elit Chess Club"]
[WhiteFideId "12401153"]
[BlackFideId "712779"]
[EventDate "2025.06.15"]
[EventType "team-k.o. (blitz)"]

1. d4 Nf6 2. c4 e6 3. Nc3 Bb4 4. e3 b6 5. Bd2 O-O 6. Nf3 d5 7. Rc1 Ba6 8. Qb3 c5
9. dxc5 bxc5 10. a3 Bxc3 11. Bxc3 Nbd7 12. Be2 Rb8 13. Qc2 Qb6 14. O-O Ne4 15.
cxd5 exd5 16. Bxa6 Qxa6 17. Rfd1 Qe6 18. h3 h6 19. Qd3 Nb6 20. Be1 Nc4 21. Qxd5
Qxd5 22. Rxd5 Nxb2 23. Ne5 Rfd8 24. Nd7 Rbc8 25. Ba5 Re8 26. f3 Ng3 27. Kf2 c4
28. Kxg3 Rxe3 29. Rc5 Rxc5 30. Nxc5 Rxa3 31. Bb4 Re3 32. Bd2 Re2 33. Bc3 Nd3 34.
Nxd3 cxd3 35. Rd1 Ra2 36. Rxd3 a5 37. Rd8+ Kh7 38. Rd7 Kg6 39. Ra7 a4 40. h4 h5
41. Ra6+ f6 42. Ra7 Rc2 43. Bb4 1-0

[Event "FIDE World Bl Team Final"]
[Site "London ENG"]
[Date "2025.06.15"]
[Round "1.1"]
[White "Eljanov, Pavel"]
[Black "Tin, Jingyao"]
[Result "1-0"]
[WhiteTitle "GM"]
[BlackTitle "GM"]
[WhiteElo "2669"]
[BlackElo "2583"]
[WhiteTeam "A2 Ashdod Elit Chess Club"]
[BlackTeam "B3 Theme International Trading"]
[WhiteFideId "14102951"]
[BlackFideId "5804418"]
[EventDate "2025.06.15"]
[EventType "team-k.o. (blitz)"]

1. d4 Nf6 2. c4 e6 3. Nc3 Bb4 4. Qc2 d5 5. cxd5 exd5 6. Bg5 h6 7. Bh4 g5 8. Bg3
Nc6 9. e3 h5 10. Bb5 h4 11. Be5 O-O 12. h3 Nxe5 13. dxe5 Ne4 14. Nf3 Bf5 15. Bd3
c5 16. O-O Bxc3 17. bxc3 c4 18. Bxe4 Bxe4 19. Qd1 Qe7 20. Nd4 Qxe5 21. f4 Qg7
22. Qg4 gxf4 23. Rxf4 Qxg4 24. Rxg4+ Bg6 25. Rxh4 Rfe8 26. Kf2 Rad8 27. a4 Rd6
28. a5 Ra6 29. Nb5 Rc8 30. Rf4 Rc5 31. Nd4 Rcxa5 32. Rxa5 Rxa5 33. g4 Ra2+ 34.
Kg3 a5 35. h4 a4 36. h5 Be4 37. Nf5 a3 38. Nh6+ Kg7 39. g5 Rg2+ 40. Kh4 Rh2+ 41.
Kg4 Rg2+ 42. Kh4 Rh2+ 43. Kg4 Rxh5 44. Rxf7+ Kg6 45. Rf6+ Kg7 46. Kxh5 a2 47.
Rf7+ Kh8 48. g6 1-0

[Event "FIDE World Bl Team Final"]
[Site "London ENG"]
[Date "2025.06.15"]
[Round "1.1"]
[White "Gong, Qianyun"]
[Black "Osmak, Yuliia"]
[Result "1/2-1/2"]
[WhiteTitle "WGM"]
[BlackTitle "IM"]
[WhiteElo "2228"]
[BlackElo "2468"]
[WhiteTeam "B3 Theme International Trading"]
[BlackTeam "A2 Ashdod Elit Chess Club"]
[WhiteFideId "8602425"]
[BlackFideId "14101602"]
[EventDate "2025.06.15"]
[EventType "team-k.o. (blitz)"]

1. e4 e6 2. d4 d5 3. e5 c5 4. c3 Nc6 5. Nf3 Bd7 6. Be2 Nge7 7. Na3 cxd4 8. cxd4
Nf5 9. Nc2 Be7 10. O-O O-O 11. Bd3 f6 12. Bxf5 exf5 13. Re1 Be8 14. Qd3 f4 15.
Bxf4 Bg6 16. Qd2 Rc8 17. Rec1 Be4 18. Nce1 Qb6 19. e6 Na5 20. b3 Bb4 21. Qe3
Qxe6 22. Nd3 Ba3 23. Re1 Qf7 24. Nc5 Rfe8 25. Nxe4 Rxe4 26. Qd2 Nc6 27. Rxe4
dxe4 28. Ne1 Qd5 29. Be3 Bb4 30. Qe2 Nxd4 31. Bxd4 Qxd4 32. Rd1 Qe5 33. Nc2 Bf8
34. Ne3 h6 35. g3 Bc5 36. Qg4 Re8 37. Rd7 Re7 38. Rd8+ Re8 39. Nf5 Bf8 40. Nxh6+
Kh7 41. Rxe8 Qxe8 42. Nf5 Qe5 43. Ne3 Kg8 44. Qc8 Qa1+ 45. Kg2 Qxa2 46. Qxb7 Qb1
47. Qd5+ Kh8 48. Qh5+ Kg8 49. Qd5+ Kh8 50. Nf5 Qd3 51. Nd4 e3 52. fxe3 Qxe3 53.
Qh5+ Kg8 54. Qd5+ Kh8 55. Ne6 Qe2+ 56. Kh3 Qf1+ 57. Kh4 Qe2 58. Nxf8 Qxh2+ 59.
Kg4 Qe2+ 60. Kh3 Qf1+ 61. Kh2 Qe2+ 62. Qg2 Qd3 63. Qh3+ Kg8 64. Qc8 Qe2+ 65. Kh3
Qh5+ 66. Kg2 Qe2+ 67. Kh3 Qh5+ 1/2-1/2

[Event "FIDE World Bl Team Final"]
[Site "London ENG"]
[Date "2025.06.15"]
[Round "1.1"]
[White "Sailaubay, Aldiyar"]
[Black "Zhang, Changjie"]
[Result "1/2-1/2"]
[WhiteElo "1910"]
[BlackElo "1808"]
[WhiteTeam "A2 Ashdod Elit Chess Club"]
[BlackTeam "B3 Theme International Trading"]
[WhiteFideId "13729357"]
[BlackFideId "5801877"]
[EventDate "2025.06.15"]
[EventType "team-k.o. (blitz)"]

1. e4 e6 2. d4 d5 3. Nc3 dxe4 4. Nxe4 Nf6 5. Ng3 Nc6 6. Nf3 Bd6 7. c3 b6 8. Bd3
Bb7 9. O-O Qd7 10. Qe2 O-O-O 11. Ba6 h5 12. Bxb7+ Kxb7 13. Bg5 Rde8 14. Ne4 Nxe4
15. Qxe4 f6 16. Bd2 g5 17. d5 exd5 18. Qg6 g4 19. Nd4 Nxd4 20. cxd4 f5 21. Rae1
Rxe1 22. Rxe1 h4 1/2-1/2

[Event "FIDE World Bl Team Final"]
[Site "London ENG"]
[Date "2025.06.15"]
[Round "1.1"]
[White "Moussard, Jules"]
[Black "Aronian, Levon"]
[Result "0-1"]
[WhiteTitle "GM"]
[BlackTitle "GM"]
[WhiteElo "2597"]
[BlackElo "2742"]
[WhiteTeam "A3 Knight Dance"]
[BlackTeam "B2 Hexamind Chess Team"]
[WhiteFideId "642908"]
[BlackFideId "13300474"]
[EventDate "2025.06.15"]
[EventType "team-k.o. (blitz)"]

1. e4 e5 2. Nf3 Nc6 3. Bb5 a6 4. Ba4 Nf6 5. O-O b5 6. Bb3 Bc5 7. c3 d6 8. d4 Bb6
9. Be3 O-O 10. Nbd2 Re8 11. Re1 Na5 12. Bc2 c5 13. a4 cxd4 14. cxd4 Bg4 15. axb5
exd4 16. Bg5 axb5 17. Bd3 Nc4 18. Rxa8 Qxa8 19. Bxc4 bxc4 20. Bxf6 gxf6 21. Nxc4
Bc5 22. h3 Bh5 23. Qd3 Bg6 24. Nxd4 d5 25. Nd2 dxe4 26. Qc4 Bb6 27. N2b3 Rc8 28.
Qb5 Qa7 29. Ra1 Qc7 30. Rd1 Rd8 31. Qe2 Qe5 32. Nc6 Rxd1+ 33. Qxd1 Qxb2 34. Nbd4
Kg7 35. g4 e3 36. fxe3 Bc7 37. Qe2 Qc1+ 38. Kf2 Qh1 39. Qf3 Qh2+ 40. Ke1 Qg1+
41. Ke2 Qh2+ 42. Ke1 Bg3+ 43. Kd1 Qg1+ 44. Kd2 Qe1# 0-1

[Event "FIDE World Bl Team Final"]
[Site "London ENG"]
[Date "2025.06.15"]
[Round "1.1"]
[White "Murzin, Volodar"]
[Black "Van Foreest, Jorden"]
[Result "1/2-1/2"]
[WhiteTitle "GM"]
[BlackTitle "GM"]
[WhiteElo "2666"]
[BlackElo "2687"]
[WhiteTeam "B2 Hexamind Chess Team"]
[BlackTeam "A3 Knight Dance"]
[WhiteFideId "44155573"]
[BlackFideId "1039784"]
[EventDate "2025.06.15"]
[EventType "team-k.o. (blitz)"]

1. e4 e5 2. Nf3 Nc6 3. Bb5 Nf6 4. O-O Nxe4 5. Re1 Nd6 6. Nxe5 Be7 7. Bf1 Nxe5 8.
Rxe5 O-O 9. Nc3 Bf6 10. Re1 Re8 11. Nd5 Rxe1 12. Nxf6+ Qxf6 13. Qxe1 b6 14. d3
Bb7 15. Qb4 c5 16. Qf4 Nf5 17. c3 h6 18. Bd2 g5 19. Qc7 Qc6 20. Qxc6 Bxc6 21. f3
f6 22. a4 a5 23. Kf2 h5 24. Be2 Kg7 25. Bd1 Re8 26. Bc2 g4 27. d4 Nh4 28. Rg1
cxd4 29. cxd4 Bd5 30. Bd3 Kf7 31. Kg3 Ng6 32. fxg4 hxg4 33. Rf1 Be4 34. Bc4+ d5
35. Bb5 Rc8 36. Bg5 f5 37. Rc1 Rxc1 38. Bxc1 Ke6 39. h4 gxh3 40. gxh3 Bc2 41. h4
Bd1 42. Bg5 Kd6 43. Bd8 f4+ 44. Kf2 Bg4 45. Be8 Ne7 46. Bxb6 Nf5 47. h5 Ke7 48.
Bg6 Kf6 49. Bxa5 Nd6 50. Bc7 Ne4+ 51. Bxe4 dxe4 52. Bxf4 Bxh5 53. Ke3 Be8 54. a5
Bc6 55. Kd2 Ke6 56. Kc3 Kd5 57. Be3 Bb5 58. Kb4 Ba6 59. Ka4 Kc4 60. b3+ Kd3 61.
d5 Bb7 62. d6 Kxe3 63. a6 Bc6+ 64. Ka3 Kf2 65. a7 e3 66. d7 e2 67. d8=Q e1=Q 68.
Qh4+ Ke2 69. Qxe1+ Kxe1 70. Kb4 Kd2 71. Kc5 Ba8 72. b4 Kc3 73. b5 Kb3 74. b6 Ka4
75. Kd6 Kb5 76. Kc7 Ka6 77. Kb8 Kxb6 78. Kxa8 Kc7 1/2-1/2

[Event "FIDE World Bl Team Final"]
[Site "London ENG"]
[Date "2025.06.15"]
[Round "1.1"]
[White "Dardha, Daniel"]
[Black "Giri, Anish"]
[Result "0-1"]
[WhiteTitle "GM"]
[BlackTitle "GM"]
[WhiteElo "2646"]
[BlackElo "2748"]
[WhiteTeam "A3 Knight Dance"]
[BlackTeam "B2 Hexamind Chess Team"]
[WhiteFideId "240990"]
[BlackFideId "24116068"]
[EventDate "2025.06.15"]
[EventType "team-k.o. (blitz)"]

1. e4 e5 2. Nf3 Nc6 3. Nc3 Nf6 4. Bb5 Bb4 5. O-O O-O 6. d3 d6 7. Bg5 Ne7 8. Bxf6
gxf6 9. d4 c6 10. Bd3 Ng6 11. Ne2 Kh8 12. c3 Ba5 13. Nd2 d5 14. exd5 cxd5 15.
Re1 e4 16. Bc2 f5 17. f4 Bc7 18. g3 Rg8 19. Kh1 h5 20. Nf1 h4 21. Ne3 hxg3 22.
Nxg3 Nxf4 23. Nexf5 Qg5 24. Ne3 Nh3 25. Rf1 Bxg3 26. hxg3 Kg7 27. Qd2 Qxg3 28.
Qg2 Qxg2+ 29. Kxg2 Kf8+ 30. Kh2 Ng5 31. Bd1 Be6 32. c4 Rd8 33. cxd5 Bxd5 34.
Nxd5 Rxd5 35. Bb3 Rxd4 36. Rac1 Rd2+ 37. Kh1 Rh8+ 38. Kg1 Nh3+ 39. Kh1 Nf4+ 0-1

[Event "FIDE World Bl Team Final"]
[Site "London ENG"]
[Date "2025.06.15"]
[Round "1.1"]
[White "Vidit, Santosh Gujrathi"]
[Black "Maurizzi, Marc'Andria"]
[Result "1-0"]
[WhiteTitle "GM"]
[BlackTitle "GM"]
[WhiteElo "2720"]
[BlackElo "2607"]
[WhiteTeam "B2 Hexamind Chess Team"]
[BlackTeam "A3 Knight Dance"]
[WhiteFideId "5029465"]
[BlackFideId "36083534"]
[EventDate "2025.06.15"]
[EventType "team-k.o. (blitz)"]

1. d4 Nf6 2. Nf3 e6 3. g3 d5 4. Bg2 Be7 5. O-O O-O 6. c4 c6 7. Qc2 Nbd7 8. b3 b6
9. Rd1 Ba6 10. Nbd2 Rc8 11. e4 c5 12. exd5 exd5 13. Bb2 Re8 14. Qf5 g6 15. Qh3
cxd4 16. Nxd4 Nc5 17. Nf1 Nfe4 18. Ne3 Bf6 19. Nxd5 Bg7 20. Qg4 Bb7 21. Rac1 h5
22. Qf4 Be5 23. Qh6 Bxd5 24. cxd5 Qf6 25. Qe3 Nd6 26. Qf3 Qg7 27. Bh3 Rc7 28. b4
Na6 29. Rxc7 Nxc7 30. Bg2 Nc4 31. Bc3 Nd6 32. a4 Na6 33. Qd3 Nc7 34. Re1 Rc8 35.
Ba1 Kh7 36. h4 Nce8 37. Ne6 fxe6 38. Bxe5 Qf7 39. Ba1 exd5 40. Bxd5 Qf8 41. Qd4
Ng7 42. Qxg7+ Qxg7 43. Bxg7 Kxg7 44. Re7+ Kf8 45. Rxa7 Rc1+ 46. Kg2 Rc2 47. Ra6
Nf5 48. Be4 1-0

[Event "FIDE World Bl Team Final"]
[Site "London ENG"]
[Date "2025.06.15"]
[Round "1.1"]
[White "Roebers, Eline"]
[Black "Divya, Deshmukh"]
[Result "0-1"]
[WhiteTitle "IM"]
[BlackTitle "IM"]
[WhiteElo "2356"]
[BlackElo "2463"]
[WhiteTeam "A3 Knight Dance"]
[BlackTeam "B2 Hexamind Chess Team"]
[WhiteFideId "1058401"]
[BlackFideId "35006916"]
[EventDate "2025.06.15"]
[EventType "team-k.o. (blitz)"]

1. e4 c5 2. Nf3 Nc6 3. Nc3 g6 4. h4 h5 5. Bc4 Bg7 6. d3 e6 7. Be3 Nd4 8. e5
Nxf3+ 9. Qxf3 Bxe5 10. Bxc5 d6 11. Ba3 a6 12. O-O-O Qf6 13. Qe2 Bxc3 14. bxc3 b5
15. Bb3 Qd8 16. Qe4 Ra7 17. Qd4 Nf6 18. Qxa7 O-O 19. Qd4 Ne8 20. Rhe1 a5 21. c4
a4 22. cxb5 axb3 23. axb3 Qa5 24. Bb2 e5 25. Qa4 Qb6 26. f4 f6 27. Rf1 Bd7 28.
fxe5 dxe5 29. Qe4 Kg7 30. d4 Nd6 31. Qd5 Bxb5 32. Rfe1 e4 33. Ba3 Rd8 34. Bc5
Qa6 35. Kb1 Ra8 36. Kc1 Rd8 37. Bxd6 Rxd6 38. Qxe4 Qa1+ 39. Kd2 Rxd4+ 40. Qxd4
Qxd4+ 41. Kc1 Qa1+ 42. Kd2 Qd4+ 43. Kc1 Qxh4 44. Re7+ Kh6 45. Re3 Qf4 46. Re1 h4
47. c4 Bc6 48. Kb2 Bxg2 49. Kc3 h3 50. b4 h2 51. b5 h1=Q 0-1

[Event "FIDE World Bl Team Final"]
[Site "London ENG"]
[Date "2025.06.15"]
[Round "1.1"]
[White "Navara, David"]
[Black "Keymer, Vincent"]
[Result "1/2-1/2"]
[WhiteTitle "GM"]
[BlackTitle "GM"]
[WhiteElo "2657"]
[BlackElo "2730"]
[WhiteTeam "D3 Hetman GKS Katowice"]
[BlackTeam "C2 Germany and Friends"]
[WhiteFideId "309095"]
[BlackFideId "12940690"]
[EventDate "2025.06.15"]
[EventType "team-k.o. (blitz)"]

1. d4 Nf6 2. c4 e6 3. Nf3 d5 4. Nc3 c6 5. Bg5 h6 6. Bxf6 Qxf6 7. Qb3 Nd7 8. e4
dxe4 9. Nxe4 Qf5 10. Bd3 Qa5+ 11. Kf1 Be7 12. Re1 O-O 13. h4 e5 14. Neg5 Bb4 15.
Rxe5 Nxe5 16. Bh7+ Kh8 17. Nxe5 Bd6 18. Nexf7+ Rxf7 19. Nxf7+ Kxh7 20. Nxd6 Qd2
21. g3 Bg4 22. Qe3 Qc2 23. Qf4 Be2+ 24. Kg2 Bxc4 25. Nxc4 Qxc4 26. Qe4+ Kh8 27.
b3 Qb4 28. Rd1 Rf8 29. Rd3 a5 30. Rf3 Rxf3 31. Kxf3 Qd2 32. Qe8+ Kh7 33. Qe4+
Kh8 34. Qe3 Qxa2 35. Qe8+ Kh7 36. Qe4+ Kh8 37. Qe8+ Kh7 38. Qe4+ 1/2-1/2

[Event "FIDE World Bl Team Final"]
[Site "London ENG"]
[Date "2025.06.15"]
[Round "1.1"]
[White "Svane, Rasmus"]
[Black "Klimkowski, Jan"]
[Result "1/2-1/2"]
[WhiteTitle "GM"]
[BlackTitle "GM"]
[WhiteElo "2626"]
[BlackElo "2508"]
[WhiteTeam "C2 Germany and Friends"]
[BlackTeam "D3 Hetman GKS Katowice"]
[WhiteFideId "4657101"]
[BlackFideId "21856222"]
[EventDate "2025.06.15"]
[EventType "team-k.o. (blitz)"]

1. Nf3 d5 2. b3 Nf6 3. Bb2 e6 4. e3 Be7 5. d4 O-O 6. Bd3 b6 7. O-O Bb7 8. Nbd2
Nbd7 9. c4 c5 10. Qe2 a5 11. a4 cxd4 12. Bxd4 Bc5 13. cxd5 exd5 14. Rfd1 Re8 15.
Rac1 Qe7 16. Bb5 Red8 17. Nf1 Ne4 18. Ng3 Nxg3 19. hxg3 Nf6 20. Rc2 Rac8 21.
Rdc1 Ne4 22. Bd3 h6 23. Qd1 Bxd4 24. Nxd4 Rxc2 25. Rxc2 Nc5 26. Rd2 Qf6 27. Rc2
g6 28. Be2 h5 29. Bf3 Ba6 30. Be2 Bb7 31. Bf3 Ba6 32. Rc3 Kg7 33. Rc2 Bb7 34.
Rc1 h4 35. gxh4 Qxh4 36. g3 Qf6 37. Kg2 Rh8 38. Qc2 Rc8 39. Qd1 Rh8 40. Qc2 Rc8
41. Qd2 Rd8 42. Rh1 Rh8 43. Rxh8 Kxh8 44. b4 axb4 45. Qxb4 Qd6 46. a5 bxa5 47.
Qxa5 Kg7 48. Qb4 Bc8 49. Nb3 Nb7 50. Qd4+ Qf6 51. Bxd5 Nd6 52. e4 Qxd4 53. Nxd4
Bd7 54. f4 Nb5 55. Ne2 Nc7 56. Bc4 Bc6 57. Kf3 f5 58. Nc3 fxe4+ 59. Nxe4 Ne8 60.
Bd3 Nd6 61. Ke3 Nf5+ 62. Kf2 Bxe4 63. Bxe4 Nd6 64. Bd3 Kf6 65. Ke3 g5 66. Kf3 1/2-1/2

[Event "FIDE World Bl Team Final"]
[Site "London ENG"]
[Date "2025.06.15"]
[Round "1.1"]
[White "Seemann, Jakub"]
[Black "Bluebaum, Matthias"]
[Result "0-1"]
[WhiteTitle "IM"]
[BlackTitle "GM"]
[WhiteElo "2450"]
[BlackElo "2663"]
[WhiteTeam "D3 Hetman GKS Katowice"]
[BlackTeam "C2 Germany and Friends"]
[WhiteFideId "21874697"]
[BlackFideId "24651516"]
[EventDate "2025.06.15"]
[EventType "team-k.o. (blitz)"]

1. d4 Nf6 2. c4 e6 3. Nf3 d5 4. Nc3 Be7 5. Bf4 c5 6. dxc5 Bxc5 7. e3 Nc6 8. a3
O-O 9. Qc2 Qa5 10. O-O-O Be7 11. h4 Bd7 12. g4 Rfd8 13. g5 Ne4 14. Nxe4 dxe4 15.
Qxe4 Bxa3 16. Be5 Nxe5 17. Qxe5 Ba4 18. Rxd8+ Rxd8 19. Bd3 Bxb2+ 20. Kxb2 Qb4+
21. Kc1 Qa3+ 22. Qb2 Qxd3 23. Nd4 e5 0-1

[Event "FIDE World Bl Team Final"]
[Site "London ENG"]
[Date "2025.06.15"]
[Round "1.1"]
[White "Svane, Frederik"]
[Black "Cieslak, Patryk"]
[Result "1-0"]
[WhiteTitle "GM"]
[BlackTitle "FM"]
[WhiteElo "2667"]
[BlackElo "2442"]
[WhiteTeam "C2 Germany and Friends"]
[BlackTeam "D3 Hetman GKS Katowice"]
[WhiteFideId "12923044"]
[BlackFideId "21078882"]
[EventDate "2025.06.15"]
[EventType "team-k.o. (blitz)"]

1. e4 c6 2. d4 d5 3. exd5 cxd5 4. Nf3 Nc6 5. Bb5 Bd7 6. c4 a6 7. Bxc6 Bxc6 8. c5
g6 9. O-O Bg7 10. Bf4 Nf6 11. Nc3 O-O 12. Ne5 Nd7 13. Re1 Re8 14. Qb3 Nxe5 15.
Bxe5 f6 16. Bg3 Qd7 17. Re2 Rad8 18. Rae1 Qg4 19. Re4 Qd7 20. Re6 Kf7 21. R6e2
Qg4 22. Ne4 Kf8 23. h3 Qd7 24. Nc3 Qf5 25. Bc7 Rd7 26. Bd6 Kf7 27. g4 Qg5 28. f4
Qh4 29. Nxd5 Bxd5 30. Qxd5+ e6 31. Qb3 f5 32. Rxe6 Bxd4+ 33. Kh1 Kg7 34. Rxe8
Rf7 35. Qxf7+ Kxf7 36. R1e7+ Kf6 37. Rf8# 1-0

[Event "FIDE World Bl Team Final"]
[Site "London ENG"]
[Date "2025.06.15"]
[Round "1.1"]
[White "Saduakassova, Dinara"]
[Black "Wagner, Dinara"]
[Result "0-1"]
[WhiteTitle "IM"]
[BlackTitle "IM"]
[WhiteElo "2435"]
[BlackElo "2404"]
[WhiteTeam "D3 Hetman GKS Katowice"]
[BlackTeam "C2 Germany and Friends"]
[WhiteFideId "13700090"]
[BlackFideId "24157570"]
[EventDate "2025.06.15"]
[EventType "team-k.o. (blitz)"]

1. d4 Nf6 2. Nf3 d5 3. Bf4 Bf5 4. e3 e6 5. Be2 h6 6. h3 Nbd7 7. c4 c6 8. Nc3 Be7
9. Rc1 O-O 10. O-O dxc4 11. Bxc4 c5 12. Be2 a6 13. dxc5 Nxc5 14. Nd4 Bg6 15. Na4
Nxa4 16. Qxa4 Nd5 17. Bg3 Rc8 18. Bf3 Bf6 19. Qb3 Bxd4 20. exd4 Qd7 21. Be5 Rc6
22. Rxc6 Qxc6 23. Bxd5 exd5 24. Qc3 Qxc3 25. bxc3 Rc8 26. Rb1 Bxb1 0-1

[Event "FIDE World Bl Team Final"]
[Site "London ENG"]
[Date "2025.06.15"]
[Round "1.1"]
[White "Lobkin, Bohdan"]
[Black "Smolinski, Wojciech"]
[Result "1-0"]
[WhiteElo "1900"]
[BlackElo "1987"]
[WhiteTeam "C2 Germany and Friends"]
[BlackTeam "D3 Hetman GKS Katowice"]
[WhiteFideId "34115552"]
[BlackFideId "21088683"]
[EventDate "2025.06.15"]
[EventType "team-k.o. (blitz)"]

1. b3 e5 2. Bb2 Nc6 3. g3 d5 4. Bg2 f6 5. e3 Be6 6. Ne2 Qd7 7. h4 O-O-O 8. d4 h5
9. Nbc3 e4 10. Qd2 Nh6 11. O-O-O Re8 12. Nf4 Bf7 13. Bh3 f5 14. Qe2 Ng4 15. Bxg4
hxg4 16. Kb1 Kb8 17. a3 Be7 18. Rc1 g5 19. hxg5 Bxg5 20. Rcg1 Bxf4 21. gxf4 Qe7
22. Qe1 Qf6 23. Ne2 Ne7 24. Ng3 c6 25. c4 dxc4 26. d5 Rxh1 27. Bxf6 Rxg1 28.
Qxg1 Nxd5 29. Be5+ Ka8 30. bxc4 Nb6 31. Nxf5 Nxc4 32. Nd6 Nxd6 33. Bxd6 1-0